Atlas of interference layer metallography /

Bibliographic Details
Main Author: Bühler, Hans-Eugen
Other Authors: Hougardy, Hans Paul
Format: Book
Language:English
Published: Oberursel [Germany] : Metallography Subcommittee, Deutsche Gesellschaft fur Metallkunde, [1980]
Subjects:

MARC

Tag First Indicator Second Indicator Subfields
LEADER 00000cam a2200000 a 4500
001 in00000103424
005 20150929180406.0
008 820330s1980 gw a b 00110 eng d
020 |a 3883550167 
035 |a (OCoLC)08291628 
035 |9 AAN2645AM 
040 |a IWA  |c IWA  |d TXA  |d UtOrBLW 
049 |a TXAM  |c [1503498] 
090 |a TN690  |b  B84 
100 1 |a Bühler, Hans-Eugen. 
245 1 0 |a Atlas of interference layer metallography /  |c by Hans-Eugen Buhler and Hans Paul Hougardy ; in collaboration with Gunter Bartz [and others]. 
264 1 |a Oberursel [Germany] :  |b Metallography Subcommittee, Deutsche Gesellschaft fur Metallkunde,  |c [1980] 
264 4 |c ©1980 
300 |a 237 pages :  |b illustrations (some color) ;  |c 30 cm. 
336 |a text  |b txt  |2 rdacontent 
337 |a unmediated  |b n  |2 rdamedia 
338 |a volume  |b nc  |2 rdacarrier 
504 |a Includes bibliographical references and indexes. 
650 0 |a Metallography  |x Atlases. 
700 1 |a Hougardy, Hans Paul. 
999 |a MARS 
999 f f |s 7e307f81-b84a-3e40-ab42-97c944c10634  |i f614af40-048a-3fc9-a0e7-8b48aea35a9e  |t 0 
952 f f |p ric  |a Texas A&M University  |b Rellis Campus  |c Joint Library Facility  |d Remote Storage  |t 0  |e TN690 B84  |h Library of Congress classification  |i unmediated -- volume  |m A14806278967 
998 f f |a TN690 B84  |t 0  |l Remote Storage